000
00282nam a22001337a 4500
008
170612b xxu||||| |||| 00| 0 eng d
020
_a
9780673982698
041
_a
eng
080
_a
93
100
_a
19
101
_a
SHH
245
_a
EAGLE ADRIFT
_c
LIEBER, R.J
942
_2
udc
_c
BK
999
_c
17012
_d
17012